[Event "RUS-chT Rapid"]
[Site "Sochi"]
[Date "2023.10.19"]
[Round "9.1"]
[White "Khegay, Dmitriy"]
[Black "Grischuk, Alexander"]
[Result "1/2-1/2"]
[WhiteElo "2489"]
[BlackElo "2732"]
[PlyCount "55"]
[EventDate "2023.10.18"]
[EventType "team-swiss (rapid)"]
[EventRounds "9"]
[EventCountry "RUS"]
[SourceTitle "Mega2024 Update 01"]
[Source "Chessbase"]
[SourceDate "2023.11.12"]
[SourceVersion "1"]
[SourceVersionDate "2023.11.12"]
[SourceQuality "1"]
[WhiteTeam "Krasnoyarsk Region Enisey"]
[BlackTeam "Moscow Park Tauer"]
[WhiteTeamCountry "RUS"]
[BlackTeamCountry "RUS"]

1. d4 Nf6 2. c4 e6 3. Nc3 Bb4 4. Qc2 0-0 5. a3 Bxc3+ 6. Qxc3 d5 7. Nf3 dxc4 8. Qxc4 b6 9. Bg5 c5 10. dxc5 bxc5 11. g3 Nbd7 12. Bg2 Bb7 13. 0-0 Bd5 14. Qc2 Qb6 15. Bxf6 Nxf6 16. Ne5 a5 17. Rac1 Rfc8 18. Nc4 Qa6 19. e4 Bxc4 20. Qxc4 Qxc4 21. Rxc4 Nd7 22. Rfc1 Rcb8 23. R4c2 Kf8 24. a4 Rb4 25. Bf1 Rxa4 26. Bb5 Rd4 27. Bxd7 Rxd7 28. Rxc5 1/2-1/2

[Event "RUS-chT Blitz"]
[Site "Sochi"]
[Date "2023.10.17"]
[Round "13.25"]
[White "Khegay, Dmitriy"]
[Black "Khismatullin, Denis Rimovich"]
[Result "0-1"]
[WhiteElo "2489"]
[BlackElo "2579"]
[PlyCount "78"]
[EventDate "2023.10.17"]
[EventType "team-swiss (blitz)"]
[EventRounds "13"]
[EventCountry "RUS"]
[SourceTitle "Mega2024 Update 01"]
[Source "Chessbase"]
[SourceDate "2023.11.12"]
[SourceVersion "1"]
[SourceVersionDate "2023.11.12"]
[SourceQuality "1"]
[WhiteTeam "Krasnoyarsk Region Enisey"]
[BlackTeam "Sverdlovsk Region Malakhit"]
[WhiteTeamCountry "RUS"]
[BlackTeamCountry "RUS"]

1. e4 d6 2. d4 e5 3. Nf3 exd4 4. Qxd4 Nc6 5. Bb5 Nge7 6. Bg5 a6 7. Bxc6+ Nxc6 8. Qd2 f6 9. Be3 f5 10. Nc3 fxe4 11. Nxe4 Bg4 12. 0-0-0 Qd7 13. Bg5 Be7 14. Bxe7 Nxe7 15. Neg5 h6 16. h3 Bf5 17. g4 hxg5 18. gxf5 Qxf5 19. Nxg5 0-0-0 20. Rhe1 Rd7 21. Ne6 Nc6 22. Nf4 Rf7 23. Nd5 Qxh3 24. f4 Kb8 25. a3 Qf5 26. Re2 b6 27. Qc3 Kb7 28. Qf3 Qh5 29. Qe4 a5 30. Red2 Qf5 31. Qg2 Qd7 32. Qf3 Re8 33. Nc3 Kb8 34. Nb5 Na7 35. Nxd6 cxd6 36. Rxd6 Qc7 37. Qb3 Nc8 38. Qa4 Nxd6 39. Rxd6 Re1+ 0-1

[Event "RUS-ch Rapid"]
[Site "Sochi"]
[Date "2023.10.16"]
[Round "7"]
[White "Khegay, Dmitriy"]
[Black "Ponkratov, Pavel"]
[Result "0-1"]
[WhiteElo "2489"]
[BlackElo "2595"]
[PlyCount "90"]
[EventDate "2023.10.15"]
[EventType "swiss (rapid)"]
[EventRounds "11"]
[EventCountry "RUS"]
[SourceTitle "Mega2024 Update 01"]
[Source "Chessbase"]
[SourceDate "2023.11.12"]
[SourceVersion "1"]
[SourceVersionDate "2023.11.12"]
[SourceQuality "1"]

1. d4 Nf6 2. c4 e6 3. Nc3 Bb4 4. Qc2 d5 5. a3 Bxc3+ 6. Qxc3 0-0 7. Nf3 b6 8. Bg5 h6 9. Bxf6 Qxf6 10. cxd5 exd5 11. e3 Bf5 12. Be2 Rc8 13. 0-0 c5 14. Rfc1 Nd7 15. dxc5 Qxc3 16. Rxc3 bxc5 17. b4 c4 18. Nd4 Be6 19. Bf3 Rab8 20. Rd1 Nb6 21. Ne2 g5 22. h3 a5 23. bxa5 Na4 24. Rcc1 Rc5 25. a6 Ra8 26. e4 dxe4 27. Bxe4 Rxa6 28. Bc2 Rc8 29. Bxa4 Rxa4 30. Rc3 Rca8 31. Ra1 Rd8 32. Re3 Ra5 33. a4 Bf5 34. Rc3 Rd2 35. Ng3 Rc2 36. Re3 Bd3 37. Ne4 Kg7 38. Nd6 h5 39. Nb7 Rf5 40. f3 Rd5 41. a5 Rb5 42. Rxd3 cxd3 43. Nd6 Rbb2 44. Nf5+ Kg6 45. Ne3 d2 0-1

[Event "Titled Tuesday intern op 29th Aug Early"]
[Site "Chess.com INT"]
[Date "2023.08.29"]
[Round "5"]
[White "Hoffmann, Asa"]
[Black "Khegay, Dmitriy"]
[Result "0-1"]
[WhiteElo "2185"]
[BlackElo "2488"]
[PlyCount "84"]
[EventDate "2023.08.29"]
[EventType "swiss (blitz)"]
[EventRounds "11"]
[EventCountry "USA"]
[SourceTitle "EXT 2024"]
[Source "ChessBase"]
[SourceDate "2023.10.10"]
[SourceVersion "1"]
[SourceVersionDate "2023.10.10"]
[SourceQuality "1"]

1. d4 g6 2. e4 Bg7 3. Be3 c6 4. Qd2 d5 5. Nc3 dxe4 6. Nxe4 Nf6 7. Nxf6+ exf6 8. Bc4 0-0 9. Nf3 b5 10. Bb3 a5 11. a4 b4 12. 0-0 Nd7 13. Bh6 Nb6 14. Bxg7 Kxg7 15. h3 Ra7 16. Rfe1 Re8 17. Qf4 Rae7 18. Rxe7 Rxe7 19. Re1 Rxe1+ 20. Nxe1 Nd5 21. Qf3 Be6 22. Nd3 Bf5 23. Nc5 Qe7 24. Bxd5 cxd5 25. c3 Qe1+ 26. Kh2 Qd2 27. cxb4 Qxd4 28. g4 Be4 29. Qe3 Qxb4 30. Nxe4 dxe4 31. b3 Qd6+ 32. Kg2 Qe5 33. f3 exf3+ 34. Qxf3 Qc5 35. Qd3 h5 36. Kg3 Qe5+ 37. Kf3 h4 38. Qb5 Qg3+ 39. Ke4 Qxh3 40. Qxa5 Qg2+ 41. Kd4 h3 42. Qe1 h2 0-1

[Event "Titled Tuesday intern op 29th Aug Early"]
[Site "Chess.com INT"]
[Date "2023.08.29"]
[Round "4"]
[White "Khegay, Dmitriy"]
[Black "Wang, Alexander J"]
[Result "1-0"]
[WhiteElo "2488"]
[BlackElo "1841"]
[PlyCount "85"]
[EventDate "2023.08.29"]
[EventType "swiss (blitz)"]
[EventRounds "11"]
[EventCountry "USA"]
[SourceTitle "EXT 2024"]
[Source "ChessBase"]
[SourceDate "2023.10.10"]
[SourceVersion "1"]
[SourceVersionDate "2023.10.10"]
[SourceQuality "1"]

1. g3 d5 2. Bg2 Nf6 3. Nf3 c5 4. 0-0 Nc6 5. d4 cxd4 6. Nxd4 e5 7. Nxc6 bxc6 8. c4 Be7 9. Qa4 Bd7 10. Bg5 0-0 11. Rd1 Qc7 12. Nc3 d4 13. Ne4 c5 14. Qc2 Rab8 15. Nxf6+ Bxf6 16. Bxf6 gxf6 17. Be4 h6 18. b3 Bc6 19. Bxc6 Qxc6 20. Qf5 Qe6 21. Qh5 Kg7 22. e4 Kh7 23. Rd3 Rg8 24. h4 Rg6 25. Rf3 Rbg8 26. Qf5 Qxf5 27. Rxf5 Kg7 28. Kf1 Rd8 29. Ke2 Kf8 30. Kd3 Ke7 31. Rg1 Rd6 32. f4 Ke6 33. g4 Rd8 34. Rh5 Kd6 35. f5 Rg7 36. Rxh6 Ke7 37. g5 Rgg8 38. Rxf6 Rh8 39. Rg4 Rh5 40. Ra6 Rdh8 41. Rxa7+ Kd6 42. g6 fxg6 43. Rxg6# 1-0

[Event "RUS-chT2"]
[Site "Sochi"]
[Date "2023.05.03"]
[Round "3.2"]
[White "Zakaryan, David"]
[Black "Khegay, Dmitriy"]
[Result "0-1"]
[WhiteElo "2325"]
[BlackElo "2512"]
[PlyCount "68"]
[EventDate "2023.05.01"]
[EventType "team-swiss"]
[EventRounds "9"]
[EventCountry "RUS"]
[SourceTitle "CBM 214 Extra"]
[Source "ChessBase"]
[SourceDate "2023.07.31"]
[SourceVersion "1"]
[SourceVersionDate "2023.07.31"]
[SourceQuality "1"]
[WhiteTeam "Krasnodarsk Region"]
[BlackTeam "Krasnoyarsk Region Enisey"]
[WhiteTeamCountry "RUS"]
[BlackTeamCountry "RUS"]

1. e4 e5 2. Nf3 Nc6 3. Bb5 a6 4. Ba4 Nf6 5. 0-0 Be7 6. d3 b5 7. Bb3 d6 8. a3 Na5 9. Ba2 c5 10. Nc3 Be6 11. Bg5 Rc8 12. Bxf6 Bxf6 13. Nd5 Nc6 14. c3 g6 15. b4 0-0 16. Qd2 Bg7 17. Qg5 Qxg5 18. Nxg5 Bxd5 19. Bxd5 Ne7 20. Ba2 Bf6 21. Nf3 cxb4 22. cxb4 Rc3 23. Rfd1 Kg7 24. Bd5 Rfc8 25. Kf1 Nxd5 26. exd5 Rb3 27. d4 exd4 28. Nxd4 Bxd4 29. Rxd4 Rcc3 30. a4 Rc4 31. Rdd1 Rbxb4 32. axb5 axb5 33. Ra6 Rb2 34. Kg1 Rd4 0-1

[Event "Cheliabinsk Lozovatsky Memorial-A"]
[Site "Cheliabinsk"]
[Date "2023.02.05"]
[Round "10"]
[White "Ohanyan, Emin"]
[Black "Khegay, Dmitriy"]
[Result "1-0"]
[WhiteElo "2384"]
[BlackElo "2532"]
[PlyCount "97"]
[EventDate "2023.01.27"]
[EventType "swiss"]
[EventRounds "10"]
[EventCountry "RUS"]
[SourceTitle "CBM 212 Extra"]
[Source "ChessBase"]
[SourceDate "2023.03.31"]
[SourceVersion "1"]
[SourceVersionDate "2023.03.31"]
[SourceQuality "1"]

1. d4 d5 2. c4 c6 3. Nf3 dxc4 4. e3 Be6 5. Nbd2 b5 6. a4 Nf6 7. axb5 cxb5 8. b3 Nbd7 9. bxc4 bxc4 10. Nxc4 Bxc4 11. Bxc4 e6 12. 0-0 Bb4 13. d5 exd5 14. Bxd5 Nxd5 15. Qxd5 0-0 16. Bb2 Nb6 17. Qe5 f6 18. Qb5 Be7 19. Nd4 Qd5 20. Qxd5+ Nxd5 21. Nc6 Rfc8 22. Nxa7 Rc4 23. Bd4 Rb8 24. Rac1 Rxc1 25. Rxc1 Nb4 26. Nc8 Nc6 27. Nxe7+ Nxe7 28. g4 Rb7 29. Rc5 Kf7 30. Kg2 Rd7 31. Kg3 Ng6 32. h4 Nf8 33. Rb5 Ne6 34. Bb2 Nd8 35. Bc3 Nb7 36. Kf3 Nd6 37. Rb8 f5 38. g5 Ne4 39. Bd4 Kg6 40. Kg2 Kh5 41. f3 Nd2 42. Rb2 Nc4 43. Rb4 Na5 44. Bc3 Rc7 45. Ba1 Nb7 46. Kg3 Nc5 47. Rb5 g6 48. Be5 Rc8 49. Bd6 1-0

[Event "Cheliabinsk Lozovatsky Memorial-A"]
[Site "Cheliabinsk"]
[Date "2023.02.04"]
[Round "9"]
[White "Khegay, Dmitriy"]
[Black "Zarubitski, Viachaslau"]
[Result "1/2-1/2"]
[WhiteElo "2532"]
[BlackElo "2458"]
[PlyCount "62"]
[EventDate "2023.01.27"]
[EventType "swiss"]
[EventRounds "10"]
[EventCountry "RUS"]
[SourceTitle "CBM 212 Extra"]
[Source "ChessBase"]
[SourceDate "2023.03.31"]
[SourceVersion "1"]
[SourceVersionDate "2023.03.31"]
[SourceQuality "1"]

1. d4 d5 2. Bf4 c5 3. e3 Nc6 4. Nf3 Nf6 5. Nbd2 e6 6. c3 Bd6 7. Bg3 0-0 8. Bb5 Be7 9. Bd3 Nh5 10. Ne5 g6 11. Ndf3 cxd4 12. exd4 f6 13. Nxc6 bxc6 14. 0-0 Nxg3 15. hxg3 Bd6 16. Re1 Bd7 17. Qc2 Kg7 18. c4 Re8 19. Rad1 Rc8 20. Nh4 Qe7 21. Bxg6 hxg6 22. Qxg6+ Kf8 23. Nf5 exf5 24. Rxe7 Bxe7 25. f3 dxc4 26. Kf2 Bd8 27. Rh1 Ke7 28. Re1+ Kf8 29. Qh6+ Kg8 30. Qg6+ Kf8 31. Qh7 Re7 1/2-1/2

[Event "Ekaterinburg Scerbin Memorial"]
[Site "Ekaterinburg"]
[Date "2023.01.15"]
[Round "11"]
[White "Khegay, Dmitriy"]
[Black "Pridorozhni, Aleksei"]
[Result "0-1"]
[WhiteElo "2532"]
[BlackElo "2504"]
[PlyCount "64"]
[EventDate "2023.01.14"]
[EventType "swiss (rapid)"]
[EventRounds "11"]
[EventCountry "RUS"]
[SourceTitle "CBM 212 Extra"]
[Source "ChessBase"]
[SourceDate "2023.03.31"]
[SourceVersion "1"]
[SourceVersionDate "2023.03.31"]
[SourceQuality "1"]

1. d4 Nf6 2. Nf3 d5 3. Bf4 c5 4. e3 e6 5. Nbd2 Nc6 6. c3 Bd6 7. Bg3 b6 8. Bb5 Bb7 9. Qa4 Rc8 10. Qxa7 Ba8 11. Bxd6 Qxd6 12. Qxb6 Rb8 13. Qa6 0-0 14. Ne5 Rfc8 15. b3 Nd7 16. Nxc6 Bxc6 17. Bxc6 Rxc6 18. Qd3 cxd4 19. cxd4 Qa3 20. 0-0 Rbc8 21. Qb5 Nf6 22. Nf3 Ne4 23. Ne5 Rc2 24. Qd7 R2c7 25. Qa4 Qxa4 26. bxa4 f6 27. Nd3 Rc3 28. Nf4 Kf7 29. a3 g5 30. Ne2 Rd3 31. a5 Ra8 32. Rfd1 Rb3 0-1

[Event "Ekaterinburg Scerbin Memorial"]
[Site "Ekaterinburg"]
[Date "2023.01.14"]
[Round "6"]
[White "Khegay, Dmitriy"]
[Black "Smirnov, Pavel"]
[Result "1/2-1/2"]
[WhiteElo "2532"]
[BlackElo "2545"]
[PlyCount "85"]
[EventDate "2023.01.14"]
[EventType "swiss (rapid)"]
[EventRounds "11"]
[EventCountry "RUS"]
[SourceTitle "CBM 212 Extra"]
[Source "ChessBase"]
[SourceDate "2023.03.31"]
[SourceVersion "1"]
[SourceVersionDate "2023.03.31"]
[SourceQuality "1"]

1. d4 Nf6 2. Bf4 d5 3. e3 Bf5 4. c4 e6 5. Nc3 Bb4 6. Bd3 Bxd3 7. Qxd3 c5 8. dxc5 Nbd7 9. cxd5 Nxd5 10. Nge2 Nxc5 11. Qb5+ Qd7 12. 0-0 Qxb5 13. Nxb5 Nxf4 14. Nxf4 Ke7 15. a3 Bd2 16. Rfd1 Nb3 17. Rab1 Rhd8 18. Ne2 Rac8 19. Ned4 Nxd4 20. Nxd4 Ba5 21. Kf1 Bb6 22. Nb3 Rxd1+ 23. Rxd1 Rc2 24. Rd2 Rc6 25. Ke2 Bc7 26. Nd4 Rd6 27. h3 Bb6 28. Nf3 Rc6 29. Ne1 Ba5 30. b4 Bb6 31. Rc2 Rxc2+ 32. Nxc2 Kd6 33. Kd3 Kd5 34. a4 f5 35. f3 Bd8 36. e4+ fxe4+ 37. fxe4+ Ke5 38. g3 Be7 39. b5 Kd6 40. Kc4 Ke5 41. Kd3 Kd6 42. Kc4 Ke5 43. Kd3 1/2-1/2

[Event "RUS-chT Rapid"]
[Site "Sochi"]
[Date "2022.10.19"]
[Round "6.11"]
[White "Rozum, Ivan"]
[Black "Khegay, Dmitriy"]
[Result "1-0"]
[WhiteElo "2497"]
[BlackElo "2532"]
[PlyCount "131"]
[EventDate "2022.10.18"]
[EventType "team-swiss (rapid)"]
[EventRounds "9"]
[EventCountry "RUS"]
[SourceTitle "CBM 210 Extra"]
[Source "ChessBase"]
[SourceDate "2022.11.30"]
[SourceVersion "1"]
[SourceVersionDate "2022.11.30"]
[SourceQuality "1"]
[WhiteTeam "Vologodsk Region"]
[BlackTeam "Krasnoyarsk Enisey"]
[WhiteTeamCountry "RUS"]
[BlackTeamCountry "RUS"]

1. Nf3 d6 2. d4 Nf6 3. c4 g6 4. g3 Bg7 5. Bg2 0-0 6. Nc3 Bf5 7. 0-0 Ne4 8. Na4 Nf6 9. Nc3 Ne4 10. Nd5 c6 11. Ne3 Bc8 12. b3 f5 13. Bb2 Nd7 14. Qc2 Ndf6 15. d5 Bd7 16. b4 Rc8 17. Qb3 Kh8 18. Rac1 g5 19. Qd3 f4 20. Bxf6 Nxf6 21. Nf5 Bxf5 22. Qxf5 Nxd5 23. Qb1 Nf6 24. Nxg5 Qe8 25. gxf4 e5 26. Rcd1 exf4 27. Rxd6 Qe5 28. Rxf6 Qxg5 29. Rxf8+ Rxf8 30. Kh1 f3 31. Bxf3 Be5 32. Qe4 Rf4 33. Qe3 Qf6 34. Bg2 Rxc4 35. Rd1 Rd4 36. Rxd4 Bxd4 37. Qe8+ Kg7 38. e3 Bb6 39. Qd7+ Kh6 40. Qh3+ Kg7 41. Qg4+ Kh8 42. Bf3 Bd8 43. Kg2 Be7 44. Qc8+ Kg7 45. Be4 Qg5+ 46. Kf1 Qe5 47. Qg4+ Kh8 48. a3 a5 49. bxa5 Qxa5 50. Qc8+ Qd8 51. Qf5 Qg8 52. a4 Bf8 53. Bd3 Be7 54. Qd7 Qg7 55. Qxb7 Qg4 56. Qb8+ Kg7 57. Qg3 h5 58. Qxg4+ hxg4 59. Be2 Bd6 60. Kg2 Bc7 61. Bxg4 Kf6 62. h4 c5 63. Be2 Kf5 64. Kf3 Bd8 65. Bd3+ Kf6 66. Kg4 1-0

[Event "RUS-chT Rapid"]
[Site "Sochi"]
[Date "2022.10.18"]
[Round "1.10"]
[White "Gitelson, Arkady"]
[Black "Khegay, Dmitriy"]
[Result "1-0"]
[WhiteElo "2189"]
[BlackElo "2532"]
[PlyCount "59"]
[EventDate "2022.10.18"]
[EventType "team-swiss (rapid)"]
[EventRounds "9"]
[EventCountry "RUS"]
[SourceTitle "CBM 210 Extra"]
[Source "ChessBase"]
[SourceDate "2022.11.30"]
[SourceVersion "1"]
[SourceVersionDate "2022.11.30"]
[SourceQuality "1"]
[WhiteTeam "Muromtsev Academy"]
[BlackTeam "Krasnoyarsk Enisey"]
[WhiteTeamCountry "RUS"]
[BlackTeamCountry "RUS"]

1. d4 d6 2. e4 g6 3. Nc3 Bg7 4. Bg5 a6 5. a4 Nf6 6. e5 Nfd7 7. f4 0-0 8. Nf3 Re8 9. Bc4 Nb6 10. Bb3 d5 11. Qe2 a5 12. 0-0 Na6 13. Nd1 c5 14. c3 Bf5 15. Ne3 Be4 16. Nd2 cxd4 17. cxd4 Qd7 18. Nxe4 dxe4 19. Rad1 e6 20. Ng4 Nb4 21. Qxe4 N4d5 22. Rd3 h5 23. Nf6+ Nxf6 24. exf6 Bh8 25. Rh3 Qd8 26. g4 hxg4 27. Rh6 Qd7 28. Bc2 Bg7 29. fxg7 Nd5 30. Qe5 1-0

[Event "RUS-chT Blitz"]
[Site "Sochi"]
[Date "2022.10.17"]
[Round "8.4"]
[White "Khegay, Dmitriy"]
[Black "Popov, Ivan1111"]
[Result "1/2-1/2"]
[WhiteElo "2532"]
[BlackElo "2627"]
[PlyCount "156"]
[EventDate "2022.10.17"]
[EventType "team-swiss (blitz)"]
[EventRounds "13"]
[EventCountry "RUS"]
[SourceTitle "CBM 210 Extra"]
[Source "ChessBase"]
[SourceDate "2022.11.30"]
[SourceVersion "1"]
[SourceVersionDate "2022.11.30"]
[SourceQuality "1"]
[WhiteTeam "Krasnoyarsk Enisey"]
[BlackTeam "Moscow ShSM"]
[WhiteTeamCountry "RUS"]
[BlackTeamCountry "RUS"]

1. d4 d5 2. Bf4 c5 3. e3 Nc6 4. Nf3 Nf6 5. Nbd2 e6 6. c3 Bd6 7. Bg3 0-0 8. Bb5 Bxg3 9. hxg3 Qb6 10. Bxc6 bxc6 11. Qc2 Rb8 12. Rb1 Ba6 13. Ne5 g6 14. Nb3 cxd4 15. exd4 Qc7 16. Nc5 Bc8 17. g4 Nd7 18. Ncxd7 Bxd7 19. Qd3 Be8 20. g5 f6 21. gxf6 Rxf6 22. 0-0 c5 23. Rfe1 Bb5 24. Qe3 cxd4 25. cxd4 Rbf8 26. Ng4 Rf4 27. Qxe6+ Kh8 28. Rbc1 Qg7 29. Qxd5 Rxg4 30. Qxb5 Qxd4 31. Qe5+ Qxe5 32. Rxe5 Rf7 33. Rc2 Ra4 34. a3 Rd4 35. g3 Kg7 36. Kg2 Rd3 37. Ra5 Rb3 38. Rac5 h5 39. R5c3 Rfb7 40. Rc7+ Rxc7 41. Rxc7+ Kf6 42. Rc6+ Kf5 43. Rc5+ Kf6 44. Rc2 g5 45. Kh3 a5 46. Rc6+ Kg7 47. Rc5 Kg6 48. Rc2 a4 49. Rc6+ Kg7 50. Rc2 Kg6 51. Kg2 Kf5 52. Rc5+ Kg6 53. Rc4 Rxb2 54. Rxa4 Ra2 55. Ra6+ Kf5 56. a4 h4 57. Ra8 hxg3 58. Kxg3 Ra3+ 59. f3 Ra1 60. Ra5+ Kg6 61. Ra6+ Kf5 62. Ra8 Rg1+ 63. Kf2 Ra1 64. Kg3 Ra2 65. a5 Ra3 66. a6 Kg6 67. a7 Kg7 68. Kg4 Ra5 69. Kh5 Kh7 70. Kg4 Kg7 71. Kh5 Kh7 72. Kg4 Kg7 73. Rb8 Rxa7 74. Kxg5 Ra5+ 75. Kg4 Kg6 76. Rb6+ Kg7 77. f4 Kf7 78. Rb7+ Kf6 1/2-1/2

[Event "RUS-chT Blitz"]
[Site "Sochi"]
[Date "2022.10.17"]
[Round "12.4"]
[White "Makarian, Rudik"]
[Black "Khegay, Dmitriy"]
[Result "1-0"]
[WhiteElo "2505"]
[BlackElo "2532"]
[PlyCount "79"]
[EventDate "2022.10.17"]
[EventType "team-swiss (blitz)"]
[EventRounds "13"]
[EventCountry "RUS"]
[SourceTitle "CBM 210 Extra"]
[Source "ChessBase"]
[SourceDate "2022.11.30"]
[SourceVersion "1"]
[SourceVersionDate "2022.11.30"]
[SourceQuality "1"]
[WhiteTeam "Krasnodar Kuban"]
[BlackTeam "Krasnoyarsk Enisey"]
[WhiteTeamCountry "RUS"]
[BlackTeamCountry "RUS"]

1. c4 e5 2. Nc3 d6 3. g3 f5 4. Bg2 Nf6 5. d3 Be7 6. Nf3 0-0 7. 0-0 Qe8 8. Bg5 Nbd7 9. e3 h6 10. Bxf6 Nxf6 11. b4 Be6 12. b5 Qd7 13. Rb1 f4 14. exf4 exf4 15. Nd4 Bg4 16. Bf3 Rae8 17. Re1 fxg3 18. hxg3 Kh8 19. Ne4 Bxf3 20. Nxf3 d5 21. Nxf6 Bxf6 22. Rxe8 Rxe8 23. Kg2 Qf5 24. c5 Qe6 25. Qa4 Qf5 26. Re1 Rxe1 27. Nxe1 Bc3 28. Nf3 Qxd3 29. Qxa7 Qxb5 30. Qb8+ Kh7 31. Qxc7 Bf6 32. a4 Qb4 33. a5 d4 34. Qb6 Qc3 35. c6 bxc6 36. a6 d3 37. a7 Bd4 38. Nxd4 d2 39. Qb1+ g6 40. Qb7+ 1-0

[Event "RUS-chT Blitz"]
[Site "Sochi"]
[Date "2022.10.17"]
[Round "5.4"]
[White "Rozum, Ivan"]
[Black "Khegay, Dmitriy"]
[Result "1-0"]
[WhiteElo "2497"]
[BlackElo "2532"]
[PlyCount "77"]
[EventDate "2022.10.17"]
[EventType "team-swiss (blitz)"]
[EventRounds "13"]
[EventCountry "RUS"]
[SourceTitle "CBM 210 Extra"]
[Source "ChessBase"]
[SourceDate "2022.11.30"]
[SourceVersion "1"]
[SourceVersionDate "2022.11.30"]
[SourceQuality "1"]
[WhiteTeam "Vologodsk Region"]
[BlackTeam "Krasnoyarsk Enisey"]
[WhiteTeamCountry "RUS"]
[BlackTeamCountry "RUS"]

1. b3 d5 2. Bb2 Bf5 3. d3 Nf6 4. Nd2 e6 5. g3 Be7 6. Bg2 0-0 7. e4 Bg6 8. Nh3 dxe4 9. dxe4 Nc6 10. Nf4 e5 11. Nxg6 hxg6 12. 0-0 Bc5 13. Nc4 Qe7 14. c3 a5 15. a4 Rad8 16. Qe2 Rd7 17. Bh3 Rdd8 18. Rad1 Rxd1 19. Rxd1 Rd8 20. Rxd8+ Qxd8 21. Bg2 Qd7 22. Bf3 Qe6 23. Kg2 Ne8 24. Bg4 f5 25. Bf3 Nd6 26. exf5 gxf5 27. Bxc6 Nxc4 28. Bxb7 Nd6 29. Bc6 Qxb3 30. Qxe5 Qb6 31. Bd5+ Kf8 32. c4 Ne8 33. Qxf5+ Ke7 34. Be5 Kd8 35. h4 Nf6 36. h5 Nxd5 37. cxd5 Qb3 38. Bxg7 Qxa4 39. h6 1-0

[Event "RUS-ch Rapid"]
[Site "Sochi"]
[Date "2022.10.16"]
[Round "10"]
[White "Khegay, Dmitriy"]
[Black "Vastrukhin, Oleg"]
[Result "0-1"]
[WhiteElo "2532"]
[BlackElo "2343"]
[PlyCount "122"]
[EventDate "2022.10.15"]
[EventType "swiss (rapid)"]
[EventRounds "11"]
[EventCountry "RUS"]
[SourceTitle "CBM 210 Extra"]
[Source "ChessBase"]
[SourceDate "2022.11.30"]
[SourceVersion "1"]
[SourceVersionDate "2022.11.30"]
[SourceQuality "1"]

1. e4 e6 2. d4 d5 3. e5 c5 4. c3 Nc6 5. Nf3 Bd7 6. Be2 Nge7 7. Na3 cxd4 8. cxd4 Ng6 9. h4 Bb4+ 10. Kf1 Nge7 11. Nc2 Ba5 12. Bd2 Bb6 13. Bc3 f6 14. exf6 gxf6 15. Qd2 Nf5 16. Bd3 Nd6 17. Qh6 Qe7 18. a4 a5 19. Na3 0-0-0 20. Nb5 Nxb5 21. Bxb5 Kb8 22. Qd2 e5 23. Bxc6 Bxc6 24. Bxa5 Bxa5 25. Qxa5 Rhg8 26. Re1 e4 27. Ng1 Qg7 28. g3 f5 29. Qd2 f4 30. Qxf4+ Ka8 31. Qd2 Rdf8 32. Re3 Qh6 33. Ne2 Rf6 34. Ke1 Rgf8 35. Nf4 Rxf4 36. gxf4 Qxf4 37. Rg3 e3 38. Rxe3 Qf5 39. Rhh3 Bd7 40. Rhf3 Qb1+ 41. Qd1 Qxd1+ 42. Kxd1 Bg4 43. Ke2 b5 44. a5 b4 45. Rb3 Ka7 46. Rxb4 Rxf3 47. Rb6 Rb3+ 48. f3 Rxf3 49. Kd2 Bf5 50. b4 Rd3+ 51. Ke2 Rxd4 52. b5 Rb4 53. Ra6+ Kb7 54. Rb6+ Kc7 55. Rc6+ Kd7 56. Rb6 d4 57. Kf3 Bd3 58. a6 Rxb5 59. a7 Ra5 60. Rb4 Bg6 61. Rxd4+ Ke6 0-1

[Event "RUS-ch Blitz"]
[Site "Sochi"]
[Date "2022.10.14"]
[Round "13"]
[White "Khegay, Dmitriy"]
[Black "Afanasiev, Nikita"]
[Result "1/2-1/2"]
[WhiteElo "2532"]
[BlackElo "2569"]
[PlyCount "153"]
[EventDate "2022.10.14"]
[EventType "swiss (blitz)"]
[EventRounds "13"]
[EventCountry "RUS"]
[SourceTitle "CBM 210 Extra"]
[Source "ChessBase"]
[SourceDate "2022.11.30"]
[SourceVersion "1"]
[SourceVersionDate "2022.11.30"]
[SourceQuality "1"]

1. e4 g6 2. d4 Bg7 3. Nc3 d6 4. Be3 a6 5. Qd2 Nd7 6. Nf3 b5 7. a4 b4 8. Ne2 c5 9. c3 bxc3 10. bxc3 Ngf6 11. Ng3 h5 12. h4 Ng4 13. Bd3 Nxe3 14. fxe3 0-0 15. 0-0 e6 16. Rab1 Bh6 17. e5 dxe5 18. dxe5 Qc7 19. Ne4 Nxe5 20. Nf6+ Kh8 21. Be4 Ra7 22. Ng5 Bg7 23. Rbd1 Qe7 24. Ngh7 Bxf6 25. Nxf6 Ng4 26. Nxg4 hxg4 27. Qf2 f5 28. Bc2 Qc7 29. e4 Kg7 30. exf5 gxf5 31. Qe3 Qe7 32. g3 Rf7 33. Qe5+ Qf6 34. Qe3 Rac7 35. Rde1 Bd7 36. Bd1 Rb7 37. Bxg4 Rb3 38. Rc1 Qh6 39. Qxh6+ Kxh6 40. Bd1 Ra3 41. Re1 Kg7 42. Kf2 Kf6 43. Be2 a5 44. Bb5 Bxb5 45. axb5 c4 46. Re2 Rb3 47. Ra2 Rxb5 48. Rca1 Ra7 49. Ra4 Rc5 50. Rd1 Rb7 51. Rd4 Rb2+ 52. Kf3 Rc2 53. Rdxc4 Rxc3+ 54. Rxc3 Rxc3+ 55. Kf2 Rc5 56. Rd4 Ke5 57. Ra4 Kf6 58. Rd4 Ke7 59. Kf3 e5 60. Ra4 Kf6 61. Kf2 Rc2+ 62. Ke3 Rc3+ 63. Kf2 Rc5 64. Ra3 e4 65. Ke3 Ke5 66. h5 Kf6 67. Kf4 a4 68. Rxa4 Rc3 69. Ra6+ Kf7 70. Ra7+ Kf6 71. Ra6+ Kf7 72. Ra7+ Kf6 73. Ra6+ Kf7 74. Kxf5 Rxg3 75. Ra7+ Kg8 76. Kxe4 Rg5 77. h6 1/2-1/2